Những người thân trong gia đình Bác Hồ /

Spremljeno u:
Bibliografski detalji
Glavni autor: Trần Minh Siêu
Format: Sách giấy
Jezik:Vietnamese
Izdano: Đồng Tháp : Đồng Tháp , 1996
Teme:
Oznake: Dodaj oznaku
Bez oznaka, Budi prvi tko označuje ovaj zapis!
Thư viện lưu trữ: Thư viện Trường Đại học Đà Lạt
LEADER 00642nam a2200253 4500
001 DLU020009331
005 ##10/6/1999
041 # # |a vie 
082 # # |a 923.1  |b TR-S 
090 # # |a 923.1  |b TR-S 
100 # # |a Trần Minh Siêu 
245 # # |a Những người thân trong gia đình Bác Hồ /  |c Trần Minh Siêu 
260 # # |a Đồng Tháp :  |b Đồng Tháp ,  |c 1996 
300 # # |a 110 tr.;   |c 19 cm. 
600 # # |a Hồ Chí Minh,  |d 1890-1969  |x Gia đình. 
992 # # |a 7500 
994 # # |a DLU 
900 # # |a False 
911 # # |a Administrator 
925 # # |a G 
926 # # |a A 
927 # # |a SH 
980 # # |a Thư viện Trường Đại học Đà Lạt